Ethical Companies Quiz Stats

 Plays Quiz not verified by Sporcle

Score 0/16 Timer 04:00
0 Plays Today
Action/Description Person/Country % Correct
Country where competition is relatively newJapan
86.5%
Country with principle known as blat, or exchanges of favorsRussia
84.6%
Country of scarce resources who has focused on maximizing profitsTaiwan
84.1%
A pretty good moral mentorSeabass
83.7%
Religion whose path Windhorse tries to followBuddhism
82.7%
Group with courts who ruled against affirmative action for womenEuropean Union
79.5%
person whose lab which pays homeless people to conduct experiments on themEli Lilly
78.2%
pharmaceutical company which helps in the fight against AIDSMerck
77.4%
Action/Description Person/Country % Correct
CEO of Levi Strauss who keeps company going despite rough economic timesRobert D. Haas
75.1%
Recalled Tylenol after scare with cyanide tabletsJames E. Burke
73.6%
Coaxed aircraft brakes through testing proceduresB.F. Goodrich
73.1%
Finds jobs and homes for the homelessRosanne Haggerty
72.9%
Company looked as the cause of glue sniffing in Central AmericaH.B. Fuller
72.9%
Tyrant who led to Sunbeam's bankruptcy Albert Dunlap
71.9%
Whistle-blower fired from Brown and Williams tobacco companyDr. Jeffrey Wigand
71.5%
Paid employees and rebuilt Malden Mills after fireAaron Feuerstein
68.3%

You're not logged in!

Compare scores with friends on all Sporcle quizzes.
OR
Log In

Show Comments

Extras

Top Quizzes Today


Score Distribution

Your Account Isn't Verified!

In order to create a playlist on Sporcle, you need to verify the email address you used during registration. Go to your Sporcle Settings to finish the process.

Report this User

Report this user for behavior that violates our Community Guidelines.

Details: